| 000 | 01086cam a22003377a 4500 | ||
|---|---|---|---|
| 003 | CHAP | ||
| 005 | 20220329134916.0 | ||
| 008 | 971013s1961 r 00010 d | ||
| 010 | _a27907 | ||
| 011 | _a28879 | ||
| 035 | _a32990 | ||
| 040 | _cCHAP | ||
| 090 | _aFolleto 3254 | ||
| 100 | 0 | 0 |
_aMcClung, A. C. _973397 |
| 245 | 1 | 3 | _aLa fertilización de algodonales en suelos de sabanas del estado brasileño de San Pablo |
| 260 |
_aNew York : _bIBEC Research Institute, _c1961 |
||
| 300 |
_a34 p. _b: ilus |
||
| 490 | 0 |
_aBulletin _v; 27 |
|
| 590 |
_aBATCH-UPD _b10 _c20130110 _lUCH01 _h0132 |
||
| 590 |
_aBATCH-UPD _b10 _c20130110 _lUCH01 _h1940 |
||
| 590 |
_aBATCH-UPD _b10 _c20130409 _lUCH01 _h2128 |
||
| 590 |
_aBATCH-UPD _b10 _c20130410 _lUCH01 _h1304 |
||
| 590 |
_aBATCH-UPD _b10 _c20130914 _lUCH01 _h0755 |
||
| 590 |
_aCONVERSION _b10 _c20130109 _lUCH01 _h1316 |
||
| 650 | 1 | 4 |
_aAlgodon _xBrasil. _93983 |
| 650 | 1 | 4 |
_aFertilizantes para algodón. _940601 |
| 830 | 0 |
_aBulletin _v; 27 _916039 |
|
| 901 | _aBK | ||
| 942 | _cFOLL | ||
| 949 |
_aFolleto 3254 _bBC _cFOLL _d-76750 _eTS1 _i32990 _mD _si |
||
| 999 |
_c27907 _d27907 |
||